=LDR 00000nam 2200000 4500 =001 NUTBA000000000003361 =005 20201228012608 =035 ##$$a 0010-081400000000206 =008 201228################g##########0#ind## =020 ##$$a 979-3925-22-1 =082 ##$$a 331.11 =100 1#$$a Grensinmg, Lin =245 1#$$a Human resources book : $b Manajemen sumber daya manusia untuk bisnis /$c Lin Grensing Pophal =250 ##$$a ed.1 =260 ##$$a Jakarta :$b Prenada Media,$c 2006 =300 ##$$a xii, 276 hlm : $b ilus ; $c 23 x 15 cm =850 ##$$a NBPNMAT =084 ##$$a 331.11 GRE h =650 #4$$a Sumber Daya Manusia =990 ##$$a 21006440 =990 ##$$a 21006441 =990 ##$$a 21006439 =990 ##$$a 21006439 =990 ##$$a 21006440 =990 ##$$a 21006441 =990 ##$$a 21006442 =990 ##$$a 21006440 =990 ##$$a 21006441 =990 ##$$a 21006439 =990 ##$$a 21006442 =990 ##$$a 21006440 =990 ##$$a 21006441 =990 ##$$a 21006439